000 00687nam a22002057a 4500
003 OSt
005 20150408114042.0
008 120531s ua a f |||| 00| 0 ara d
020 _a9789772879741
040 _aMU
082 _221
_a005.74
_bع ع ا
100 _aعناني، عمرو.
_915407
245 _aاحترف استخدام برنامج Microsoft access 2010 /
_cإعداد عمرو عناني.
246 3 1 _aMicrosoft access 2010
260 _aالقاهرة :
_bدار الكتب العلمية،
_c2010
300 _a176 ص. :
_bجداول ؛
_c22 سم.
650 _aمايكروسوفت أكسس.
_96717
650 _aقواعد البيانات.
942 _2ddc
_cDVD
999 _c23908
_d258408